| 000 | 01639nam a22002537 4500 | ||
|---|---|---|---|
| 999 |
_c1636 _d1636 |
||
| 003 | AR-BaISA | ||
| 005 | 20240529130136.0 | ||
| 007 | ta | ||
| 008 | 240529s2006 ag |||| |||| 000 0 spa d | ||
| 020 | _a9505576927 | ||
| 040 |
_bspa _cAR-BaISA |
||
| 082 | 0 | 4 |
_222 _a150.195 Ch976 |
| 245 | 1 | 3 |
_aLa creencia y el psicoanálisis / _cDiana Chorne y Mario Goldenberg |
| 260 |
_aMéxico: _bFondo de Cultura Económica, _c2006 |
||
| 300 | _a193 p. | ||
| 490 | 1 | _aPsicología, psiquiatría y psicoanálisis | |
| 505 |
_tCelio García / Carta a los lectores -- _tMario Goldenberg / La pertinencia de interrogar la frase de Nietzsche -- _tCREENCIA, RELIGIÓN Y PSICOANÁLISIS: _tJacques-Alain Miller / Religión, psicoanálisis -- _tDiana Chorne / Creencia y psicoanálisis -- _tPatricio Álvarez / Dos versiones del padre _tUNO Y NO TODO: _tJorge Alemán / Genealogía del significante amo -- _tKarina Lipzer / Sobre el Uno -- _tMary Pirrone / Moisés y el monoteísmo: lo manifiesto en Freud _tDIOS. MUERTO O INCONSCIENTE: _tRicardo Ibarlucía / La próxima muerte de Dios -- _tAlejandra Jalof / El ateísmo en psicoanálisis _tEL MAL Y EL SACRIFICIO: _tSilvia García / El sacrificio en la religión y su relación con el deseo -- _tSilvia Bermúdez / Desde la época del porvenir de una ilusión _tENTREVISTAS: _tMario Goldenberg / Diálogo con Alain Badiou -- _tMario Goldenberg / Entrevista con Slavoj Zizek |
||
| 650 | 1 | 0 |
_9141 _aPsicoanálisis |
| 650 | 1 | 0 |
_93401 _aReligión |
| 700 | 1 |
_93397 _aChorne, Diana _ecomp. |
|
| 700 | 1 |
_93400 _aGoldenberg, Mario _ecomp. |
|
| 830 |
_93399 _aPsicología, psiquiatría y psicoanálisis |
||
| 942 |
_2ddc _cLI _e22 |
||